000 02331nam a22004457a 4500
001 BRCA_9239
003 FranzMayer
005 20221004160329.0
008 220930b |||||||| |||| 00| 0 eng d
020 _a9786076055298
040 _bspa
_cMFM
041 _aspa
050 _aN6537.C8
_bL46 2018
245 _aLeonora Carrington :
_bcuentos mágicos
260 _aMéxico :
_bSecretaría de Cultura,
_c2018
260 _aMéxico :
_bInstituto Nacional de Bellas Artes / Museo del Palacio de Bellas Artes,
_c2018
300 _a482 pp. :
_bil. fot. ;
_c24 x 31 cm.
490 _aGalería y Museos
500 _aLibro de la exposición "Leonora Carrington: Cuentos mágicos" que se presentó en el Museo de Arte Moderno de la Ciudad de México (21 de abril - 23 de septiembre 2018)
505 _tIntroducción /
_rTere Arcq y Stefan van Raay
505 _tLa joven artista. Francia y Nueva York, 1937-1942 /
_rStefan van Raay con aportaciones de Joana Moorhead
505 _tLas dos Leonoras: Leonora Carrington y Leonora Fini, St. Martin D' Ardèche, 1938-1941 /
_rWhitney Chadwick
505 _tEn su viaje hacia lo desconocido, Leonora Carrington pasó por Nueva York /
_rSalomon Grimberg
505 _tA mayor sombra, mayor luminosidad /
_rJaime Moreno Villarreal
505 _tEl exilio en México /
_rMarisol Argüelles
505 _t"Queridísimo Edward" ; "Mi Leonora adorada" /
_rStefan van Raay
505 _tEl misterio de la Diosa Blanca /
_rTere Arcq
505 _tDescubriendo lo sagrado: religiones mundiales y mitos antiguos /
_rTerri Geis
505 _tMéxico: el espejo de lo maravilloso /
_rTere Arcq
505 _tEl reino animal /
_rSusan L. Aberth
505 _tEl bestiario de Leonora /
_rGabriel Weisz Carrington
505 _tLa imaginación en la narrativa de Leonora /
_rMarina Warner
505 _tDe historia, mito y transfiguración en celuloide de un imaginario fantástico /
_rFrancisco Peredo Castro
505 _tUna exorcista "ordinaria" /
_rJoanne Pottlitzer
505 _tLa historia perdida de las mujeres poderosas /
_rGloria Orenstein
505 _tUn gesto de asombro... /
_rArturo López González
600 _aCarrington, Leonora,‏
_d1917-2011
_vExposiciones
_928584
650 _aArte
_xPintura
_xEscultura
_xDibujo
_928585
942 _2lcc
_cB
999 _c10858
_d10858